| 000 | 00431nam a2200133 a 4500 | ||
|---|---|---|---|
| 008 | 120416s1984 ||||||||||||||||| || u | ||
| 050 | _aPS 648.S5 Sha | ||
| 100 | _aShaw, I | ||
| 245 | 1 | 0 | _aShort stories |
| 246 | _afive decades | ||
| 260 |
_aNew York _bDelarcote Press _c1984 |
||
| 350 | _a0.00 | ||
| 995 |
_D0.00 _FCBU-MAIN LIBRARY (Kitwe) _H1 _I0.00 _M1 _UAVAILABLE _ZFiction Collection |
||
| 999 |
_c57429 _d57429 |
||